Чубарейко небо оре (Запис № 580693)

МАРК-запис
000 -Лідер
fixed length control field 01316 a2200253 4500
001 - Контрольний номер
control field 2162214035926813
003 - Ідентифікатор контрольного номера
control field UA-OsUOA
005 - Дата та час останнього входження (трансакції)
control field 20260513114425.0
008 - Елементи даних фіксованої довжини – загальна інформація
fixed length control field 260513b un ||||| |||| 00| fdukr d
020 ## - Міжнародний стандартний книжковий номер (ISBN)
Міжнародний стандартний книжковий номер (ISBN) (НП) 9786177323951
040 ## - Джерело каталогізації
Агенція оригінальної каталогізації UA-OsUOA
Мова каталогізації ukr
Агенція, яка здійснювала перезапис UA-OsUOA
Агенція, яка здійснювала модифікацію UA-OsUOA
041 ## - Код мови
Код мови тексту/ звукової доріжки чи окремого заголовка (П) ukr
080 ## - Індекс Універсальної десяткової класифікації
Індекс Універсальної десяткової класифікації (УДК) (НП) 821.161.2
090 ## - Локальний шифр розміщення
Класифікаційний індекс УДК 821.161.2
Авторський знак (НП) C19
100 ## - Основне введення – ім’я особи
Ім’я особи (НП) Сапон В.
9 (RLIN) 25222
245 ## - Відомості про назву
Назва (НП) Чубарейко небо оре
Решта назви (НП) щоденникова проза
260 ## - Публікація, розповсюдження і т.п. (Вихідні дані)
Місце публікації, розповсюдження і т.п. (П) Чернівці
Ім’я/ наймення видавництва, розповсюджувача і т.п. (П) Десна Поліграф
Дата публікації, розповсюдження і т.п. (П) 2016
300 ## - Фізичний опис
Обсяг 224 с.
520 ## - Резюме і т.п.
Резюме, реферат, анотація, тощо (НП) У щоденниковій прозі, написаній як невеличкі новели, поринаємо у ностальгійні часи дитинства і югості письменника чи раптово потрапляємо в сучасний комп'ютерний світ, де, на жаль, красному письменству, до якого часто звертається автор, все менше і менше залишається місця під сонцем.
650 ## - Додаткове предметне введення – тематичний термін
Тематичний термін чи географічна назва, як елемент введення (НП) 82 Література. Літературознавство
9 (RLIN) 15
942 ## - Додаткові елементи входу (Коха)
Тип елемента Koha Книги
Source of classification or shelving scheme Universal Decimal Classification
955 ## - Код типу видання за змістом
Код типу видання за змістом (НП) Літературно-художні видання
Фонди
Стан вилучень Стан втрат Джерело класифікації або схеми стелажів Стан уражень Не для кредиту Код колекції Постійне місце розташування Поточне розміщення Дата придбання Джерело придбання Вартість, звичайна ціна покупки Інвентарний номер Усього замовленно Повний номер виклику Штрих-код Дата останнього перегляду Вартість, ціна заміни Ціна ефективна від Тип елемента Koha
    Universal Decimal Classification     Колекція Шевчука Валерія АБ - Абонемент НБ АБ - Абонемент НБ 13/05/2026 Акт №24/28.04.2026 15.00 169925   821.161.2 C19 196925 13/05/2026 15.00 13/05/2026 Книги